Names of Royale High sets - Statistics

General Stats
  • This quiz has been taken 52 times
  • The average score is 17 of 22
Answer Stats
Picture Answer % Correct
Dear Dollie
91%
Adorable Babydoll
87%
Mon Cheri
87%
Shadow Empress
85%
Cherry Blossom
83%
Steampunk Clockwork
83%
Royale Rebel
81%
Winter Guardian
81%
Goth Lolita
79%
Miss Lady Rose
77%
Peppermint Princess
74%
Princess Starfrost
74%
Summer Fantasy
74%
Snow Swan
72%
Whimsy Witch
72%
Fluttering Butterfly
70%
Goddess of Triumph
70%
Gothicutie
70%
December's Dream
68%
Opposites Attract
68%
Enchanting Heirloom
66%
Starlight
66%
No matching quizzes found
Score Distribution
Percent of People with Each Score
Percentile by Number Answered
Your Score History
You have not taken this quiz